[Event "IND-ch (Women) 45th"]
[Site "Jaipur"]
[Date "2018.11.18"]
[Round "1"]
[White "Swati, Ghate"]
[Black "Mohana, R."]
[Result "1-0"]
[WhiteElo "2256"]
[BlackElo "1566"]
[PlyCount "83"]
[EventDate "2018.11.18"]
[EventType "swiss"]
[EventRounds "11"]
[EventCountry "IND"]
[SourceTitle "CBM 187 Extra"]
[Source "ChessBase"]
[SourceDate "2018.11.04"]
[SourceVersion "1"]
[SourceVersionDate "2018.11.04"]
[SourceQuality "1"]

1. e4 c5 2. Nf3 d6 3. d4 cxd4 4. Qxd4 Bd7 5. c4 Nc6 6. Qe3 g6 7. Be2 Bg7 8. 0-0 Nf6 9. h3 0-0 10. Nc3 Rc8 11. Rb1 b6 12. b3 Qc7 13. Bb2 Qb7 14. Nd5 Ne8 15. Rfe1 Bxb2 16. Rxb2 e6 17. Nc3 Ne7 18. Rd2 Bc6 19. Red1 Rd8 20. Nd4 Nf6 21. Bf3 e5 22. Ndb5 Bxb5 23. Nxb5 a6 24. Nxd6 Qc7 25. Qg5 Kg7 26. Qxe5 Rd7 27. Qb2 Rfd8 28. e5 Nfg8 29. e6+ f6 30. exd7 Qxd7 31. Ne8+ Qxe8 32. Rxd8 Qf7 33. R1d6 Nf5 34. R6d7 Nge7 35. Bd5 Nxd5 36. Rxf7+ Kxf7 37. cxd5 Ke7 38. Rh8 h6 39. g4 Nd6 40. Qe2+ Kd7 41. Qe6+ Kc7 42. Qe7# 1-0

[Event "IND-ch U13 Girls"]
[Site "Ahmedabad"]
[Date "2018.06.22"]
[Round "11"]
[White "Kriti, Mayur Patel"]
[Black "Mohana, R."]
[Result "1-0"]
[WhiteElo "1340"]
[BlackElo "1613"]
[PlyCount "61"]
[EventDate "2018.06.14"]
[EventType "swiss"]
[EventRounds "11"]
[EventCountry "IND"]
[SourceTitle "EXT 2019"]
[Source "ChessBase"]
[SourceDate "2018.10.10"]
[SourceVersion "1"]
[SourceVersionDate "2018.10.10"]
[SourceQuality "1"]

1. e4 c5 2. d4 cxd4 3. c3 d3 4. Bxd3 Nc6 5. Nf3 d6 6. c4 g6 7. Nc3 Bg7 8. 0-0 Nf6 9. h3 0-0 10. Be3 Nd7 11. Be2 b6 12. Nd4 Bb7 13. f4 Nc5 14. Bf3 Nxd4 15. Bxd4 Bxd4+ 16. Qxd4 Rc8 17. f5 Nd7 18. Nd5 e6 19. fxe6 fxe6 20. Bg4 Bxd5 21. cxd5 e5 22. Qa4 Rxf1+ 23. Rxf1 Nc5 24. Qxa7 Qc7 25. Qa3 Re8 26. b4 Nxe4 27. Be6+ Kh8 28. Rf7 Qc2 29. Qf3 Ng5 30. Qf6+ Kg8 31. Qg7# 1-0